Faculty of Law Library — Cairo University

Official Online Catalog

قانون الإجراءات الجنائية / (Record no. 57147)

MARC details
000 -LEADER
fixed length control field 01370nam a2200313 i 4500
003 - CONTROL NUMBER IDENTIFIER
control field EG-GICUC
005 - DATE AND TIME OF LATEST TRANSACTION
control field 20260216212151.0
008 - FIXED-LENGTH DATA ELEMENTS--GENERAL INFORMATION
fixed length control field 260114s1952 ua |||fr|||| 00| 0 ara d
040 ## - CATALOGING SOURCE
Original cataloging agency EG-GICUC
Language of cataloging ara
Transcribing agency EG-GICUC
Modifying agency EG-GICUC
Description conventions rda
041 0# - LANGUAGE CODE
Language code of text/sound track or separate title Ara
082 04 - DEWEY DECIMAL CLASSIFICATION NUMBER
Edition number 21
Classification number 343.3
Item number ح ك . ق
092 04 - LOCALLY ASSIGNED DEWEY CALL NUMBER (OCLC)
Edition number 21
099 ## - LOCAL FREE-TEXT CALL NUMBER (OCLC)
Classification number Law1 10 343.3 ح ك . ق 1952
110 1# - MAIN ENTRY--CORPORATE NAME
Corporate name or jurisdiction name as entry element الحكومة المصرية
Relator term مؤلف.
245 10 - TITLE STATEMENT
Title قانون الإجراءات الجنائية /
Statement of responsibility, etc. تأليف الحكومة المصرية.
264 #3 - PRODUCTION, PUBLICATION, DISTRIBUTION, MANUFACTURE, AND COPYRIGHT NOTICE
Place of production, publication, distribution, manufacture القاهرة :
Name of producer, publisher, distributor, manufacturer المطبعة الأميرية،
Date of production, publication, distribution, manufacture, or copyright notice 1952.
300 ## - PHYSICAL DESCRIPTION
Extent 184 صفحة؛
Dimensions 24 سم.
336 ## - CONTENT TYPE
Source rda content
Content type term text
337 ## - MEDIA TYPE
Source rda media
Media type term Computer
338 ## - CARRIER TYPE
Source rda carrier
Carrier type term Online Resource
500 ## - GENERAL NOTE
General note القانون رقم 152لسنة 1950 وما أدخل عليه من تعديل لغاية أول أبريل سنة 1952 وملحق به قانون رقم 132 لسنة 1951 بشأن الإجراءات فى القضايا الخاصة بالجرائم التى تقع بواسطة الصحف.
546 ## - LANGUAGE NOTE
Language note النص باللغة العربية
650 1# - SUBJECT ADDED ENTRY--TOPICAL TERM
Topical term or geographic name entry element قانون الإجراءات الجنائية
Source of heading or term qrmak
650 1# - SUBJECT ADDED ENTRY--TOPICAL TERM
Topical term or geographic name entry element القانون الجنائى
Source of heading or term qrmak
651 1# - SUBJECT ADDED ENTRY--GEOGRAPHIC NAME
Source of heading or term qrmak
856 40 - ELECTRONIC LOCATION AND ACCESS
Uniform Resource Identifier <a href="https://fll.law.cu.edu.eg/fulltext/bks/B10-07723.pdf">https://fll.law.cu.edu.eg/fulltext/bks/B10-07723.pdf</a>
905 ## - Cataloger and Reviser Names
Cataloger Name: Yasmin Sayed
Revisor Name: Yara
942 ## - ADDED ENTRY ELEMENTS (KOHA)
Source of classification or shelving scheme Dewey Decimal Classification
Koha item type Books
Edition 21
Suppress in OPAC No
Holdings
Withdrawn status Lost status Source of classification or shelving scheme Damaged status Not for loan Collection Home library Current library Date acquired Total checkouts Full call number Barcode Date last seen Copy number Price effective from Koha item type
    Dewey Decimal Classification   Not for loan القانون الجنائي جــــامعة القــاهرة مكتبة كلية الحقوق - المبنى الرئيسي 14.01.2026   Law1 10 343.3 ح ك . ق 1952 1007723 C1 B10-07723 14.01.2026 1 14.01.2026 Books

© All rights reserved — Faculty of Law, Cairo University